000 00839nam a2200217Ia 4500
999 _c39519
_d39519
001 6115
003 GE_BSU
005 20190924112005.0
008 181216s1992||||ge |||||||||||||| ||geo||
040 _cGE_BSU
041 _ageo
080 _a821.353.1-31 ა-87
100 _aასკურავა, დავით
_94258
245 _aბურუსიანი ნათება :
_bრომანი /
_cდავით ასკურავა ; რედ. ირინე გაბუნია.
264 _aთბილისი :
_bქართლის დედა ;
_c1992.
300 _a224 გვ. ;
_c20 სმ.
653 _aბურუსიანი ნათება
653 _aრომანი
700 _aგაბუნია, ირინე
_eრედაქტორი
_94265
942 _cBK
_2udc